000 00439nam a22000977a 4500
008 180326b xxu||||| |||| 00| 0 eng d
100 _aMcGuire, C. R.
245 _aFacets of Canadian philately
260 _a[Ottawa]
_bCanada Post Corporation
_c1987
650 _aCanada | Postal History | Postal Markings | British North America | Postal Service | Bibliographies | Exhibitions | Catalogs and Publications | Seals, Labels, and Souvenirs | CAPEX '87
999 _c2677
_d2677